[Event "World Rapid Championship"]
[Site "St Petersburg RUS"]
[Date "2018.12.28"]
[Round "12.45"]
[White "Nodirbek Abdusattorov"]
[Black "Vadim Zvjaginsev"]
[Result "1/2-1/2"]
[EventDate "2018.12.26"]
[WhiteElo "2546"]
[BlackElo "2642"]
[PlyCount "177"]

1. e4 c5 2. Nc3 Nc6 3. Bb5 Nd4 4. Nf3 a6 5. Bd3 Nc6 6. O-O d6 7. h3 g6 8. Nd5 Bg7 9. c3 Nf6 10. Bc2 O-O 11. Re1 e5 12. Nxf6+ Qxf6 13. d3 Qe7 14. Bb3 Be6 15. Nd2 Rad8 16. Bd5 Qd7 17. Bxe6 Qxe6 18. Qb3 Qxb3 19. Nxb3 f5 20. f3 f4 21. a4 g5 22. Bd2 Kf7 23. Kf1 Bf6 24. Ke2 h5 25. Rh1 Rg8 26. Be1 g4 27. hxg4 hxg4 28. Rh7+ Ke6 29. Bf2 gxf3+ 30. gxf3 Rd7 31. Rah1 Rxh7 32. Rxh7 Be7 33. Rh5 Kd7 34. d4 c4 35. Nd2 b5 36. d5 Nd8 37. Rh7 Ke8 38. axb5 axb5 39. Nb1 Nf7 40. Na3 Ng5 41. Rh6 Kd7 42. Bh4 Nf7 43. Rh7 Bxh4 44. Rxf7+ Be7 45. Kf1 Rg3 46. Kf2 Rh3 47. Kg2 Rg3+ 48. Kf2 Rh3 49. Nxb5 Rh2+ 50. Ke1 Rxb2 51. Na7 Ke8 52. Rh7 Rc2 53. Nb5 Kd7 54. Na7 Ke8 55. Rh8+ Kd7 56. Nc6 Bf6 57. Rh7+ Ke8 58. Rh6 Kf7 59. Rh7+ Bg7 60. Ne7 Kxe7 61. Rxg7+ Kd8 62. Rg6 Ke7 63. Rg7+ Ke8 64. Rg6 Kd7 65. Rg7+ Kd8 66. Rg6 Kc7 67. Rg7+ Kc8 68. Rg6 Kc7 69. Rg7+ Kb6 70. Rd7 Rxc3 71. Rxd6+ Kc5 72. Rc6+ Kd4 73. Ke2 Rc2+ 74. Kd1 Kd3 75. d6 Rd2+ 76. Ke1 Ke3 77. Rxc4 Rxd6 78. Rc5 Kxf3 79. Rxe5 Ke3 80. Ra5 Rd3 81. e5 f3 82. Ra1 f2+ 83. Kf1 Kf3 84. e6 Re3 85. e7 Rxe7 86. Ra3+ Re3 87. Ra1 Rd3 88. Rb1 Re3 89. Ra1 1/2-1/2

[Event "World Rapid Championship"]
[Site "St Petersburg RUS"]
[Date "2018.12.28"]
[Round "13.45"]
[White "Kacper Piorun"]
[Black "Nodirbek Abdusattorov"]
[Result "1/2-1/2"]
[EventDate "2018.12.26"]
[WhiteElo "2634"]
[BlackElo "2546"]
[PlyCount "100"]

1. c4 Nf6 2. g3 c6 3. Nf3 d5 4. Bg2 Bf5 5. cxd5 cxd5 6. Qb3 Qb6 7. Qxb6 axb6 8. d3 Nc6 9. Nc3 e5 10. O-O h6 11. Nxd5 Nxd5 12. e4 Be6 13. exd5 Bxd5 14. Nxe5 Bxg2 15. Kxg2 Nxe5 16. Re1 Bd6 17. d4 O-O 18. dxe5 Rfe8 19. f4 f6 20. Rd1 Bc5 21. exf6 Rad8 22. Rxd8 Rxd8 23. fxg7 Rd1 24. f5 Rg1+ 25. Kf3 Bd4 26. g4 Bxg7 27. h4 Kf7 28. g5 hxg5 29. hxg5 Rf1+ 30. Ke4 Re1+ 31. Kd3 Rf1 32. f6 Bf8 33. Kc2 Bd6 34. b4 Bf4 35. Bb2 Rxa1 36. Bxa1 Bxg5 37. Kd3 b5 38. Bc3 Ke6 39. Ke4 Bh4 40. a3 Bg5 41. Bb2 Bh4 42. Kd3 Bg5 43. Ke4 Bh4 44. f7 Be7 45. Bd4 Kxf7 46. Kd5 Ke8 47. Bc5 Bg5 48. Bd4 Bc1 49. Kc5 Bxa3 50. Kxb5 Bxb4 1/2-1/2

[Event "World Rapid Championship"]
[Site "St Petersburg RUS"]
[Date "2018.12.28"]
[Round "14.45"]
[White "Nodirbek Abdusattorov"]
[Black "Semen Khanin"]
[Result "1/2-1/2"]
[EventDate "2018.12.26"]
[WhiteElo "2546"]
[BlackElo "2514"]
[PlyCount "172"]

1. e4 e5 2. Nf3 Nc6 3. Nc3 Nf6 4. d4 exd4 5. Nxd4 Bb4 6. Nxc6 bxc6 7. Bd3 O-O 8. O-O Re8 9. Qf3 Qe7 10. Bd2 Rb8 11. a3 Bd6 12. Rae1 Be5 13. b4 d6 14. h3 Be6 15. Qe2 Bd4 16. Kh1 Nd7 17. f4 f6 18. Nd1 Bf7 19. Be3 Bb6 20. Qd2 c5 21. Nc3 cxb4 22. axb4 c6 23. Bxb6 Nxb6 24. Qf2 d5 25. Qd4 dxe4 26. Rxe4 Qd7 27. Rxe8+ Qxe8 28. Ra1 Qe7 29. Kh2 Rd8 30. Qe4 Qxe4 31. Bxe4 Nd5 32. Bxd5 Bxd5 33. Rxa7 Bc4 34. Rc7 Rd2 35. Ne4 Rd4 36. Ng3 Bd5 37. Rxg7+ Kf8 38. Nh5 Rd2 39. Rg3 Kf7 40. c3 Be4 41. f5 Bxf5 42. Rg7+ Ke6 43. Nf4+ Ke5 44. Kg3 Rc2 45. Re7+ Kd6 46. Re3 Rc1 47. Nh5 Kd5 48. Nxf6+ Kc4 49. Kf4 Bb1 50. Ne4 Bxe4 51. Rxe4+ Kxc3 52. Kg5 Kb3 53. Kh6 Rc4 54. Re3+ Kxb4 55. Kxh7 Rh4+ 56. Kg6 c5 57. g4 c4 58. Kg5 Rh8 59. h4 Rg8+ 60. Kf4 Rf8+ 61. Kg3 c3 62. g5 c2 63. Re1 Kc3 64. h5 Kd2 65. Ra1 Ra8 66. Rh1 Ra3+ 67. Kf4 Rh3 68. Rxh3 c1=Q 69. h6 Ke2+ 70. Kg4 Qg1+ 71. Kh5 Qg2 72. Rh4 Qf3+ 73. Kg6 Qc6+ 74. Kf5 Qd5+ 75. Kf6 Qd6+ 76. Kf7 Qd7+ 77. Kg6 Qc6+ 78. Kh5 Qf3+ 79. Kg6 Qc6+ 80. Kg7 Qd7+ 81. Kf6 Qd6+ 82. Kf5 Qd5+ 83. Kf6 Qd6+ 84. Kf5 Qd5+ 85. Kf6 Qd6+ 86. Kf5 Qd5+ 1/2-1/2

[Event "World Rapid Championship"]
[Site "St Petersburg RUS"]
[Date "2018.12.28"]
[Round "15.45"]
[White "Francisco Vallejo Pons"]
[Black "Nodirbek Abdusattorov"]
[Result "1/2-1/2"]
[EventDate "2018.12.26"]
[WhiteElo "2695"]
[BlackElo "2546"]
[PlyCount "126"]

1. d4 Nf6 2. c4 e6 3. Nc3 Bb4 4. Qc2 O-O 5. e4 d6 6. e5 Nfd7 7. Nf3 Nc6 8. exd6 cxd6 9. Bd3 h6 10. O-O Ba5 11. a3 Bb6 12. Rd1 e5 13. dxe5 Ndxe5 14. Nxe5 Nxe5 15. Bf4 Ng4 16. Rd2 Be6 17. h3 Qf6 18. Bxd6 Nxf2 19. Rxf2 Bxc4 20. Bh7+ Kh8 21. Bxf8 Rxf8 22. Be4 Qh4 23. Bd5 Bd3 24. Qxd3 Qxf2+ 25. Kh1 Qxb2 26. Rf1 Qxa3 27. Qc4 Qd6 28. Rxf7 Rxf7 29. Bxf7 Bc7 30. Kg1 Bb6+ 31. Kf1 Qf6+ 32. Ke2 Qf2+ 33. Kd1 Qg1+ 34. Kc2 Qxg2+ 35. Kb3 Qc6 36. Qf4 Qc7 37. Qf5 Qd8 38. Bc4 Bd4 39. Nd5 b5 40. Bd3 g6 41. Qe6 a5 42. Bxb5 Bg7 43. Ka4 Kh7 44. Be8 Qh4+ 45. Kxa5 Qg5 46. Ka6 h5 47. Kb7 Qg2 48. Kc8 Qc2+ 49. Kd8 Qd3 50. Bf7 Kh6 51. Kc8 Kg5 52. Qe7+ Kh6 53. Be6 Qa6+ 54. Kd7 Qb5+ 55. Kd8 Qb8+ 56. Bc8 Qe5 57. Qxe5 Bxe5 58. Ke7 g5 59. Ke6 Bg3 60. Ne7 Be1 61. Kf7 g4 62. hxg4 hxg4 63. Bxg4 Kg5 1/2-1/2

[Event "World Rapid Championship"]
[Site "St Petersburg RUS"]
[Date "2018.12.27"]
[Round "6.91"]
[White "Nodirbek Abdusattorov"]
[Black "Aram Hakobyan"]
[Result "1-0"]
[EventDate "2018.12.26"]
[WhiteElo "2546"]
[BlackElo "2545"]
[PlyCount "85"]

1. e4 e5 2. Nf3 Nc6 3. Nc3 Nf6 4. d4 exd4 5. Nxd4 Bb4 6. Nxc6 bxc6 7. Bd3 O-O 8. O-O d5 9. exd5 cxd5 10. h3 c6 11. Qf3 Re8 12. Bg5 h6 13. Bh4 Bd6 14. Rfe1 Be6 15. Ne2 c5 16. Rad1 Rb8 17. b3 a5 18. c4 d4 19. Nf4 Bxf4 20. Qxf4 g5 21. Bxg5 hxg5 22. Qxg5+ Kf8 23. Qxc5+ Qe7 24. Qxa5 Nd7 25. Bb1 Qf6 26. Qa3+ Kg7 27. Qd6 Bf5 28. Qxf6+ Kxf6 29. Rxe8 Rxe8 30. Bxf5 Kxf5 31. Rxd4 Re1+ 32. Kh2 Ke6 33. b4 Re2 34. a4 Ra2 35. Re4+ Kf6 36. c5 Rxa4 37. c6 Nb6 38. Re8 Nd5 39. b5 Rb4 40. Rb8 Ke6 41. b6 Rc4 42. b7 Ne7 43. Re8 1-0

[Event "World Rapid Championship"]
[Site "St Petersburg RUS"]
[Date "2018.12.27"]
[Round "7.75"]
[White "Tal Baron"]
[Black "Nodirbek Abdusattorov"]
[Result "0-1"]
[EventDate "2018.12.26"]
[WhiteElo "2532"]
[BlackElo "2546"]
[PlyCount "86"]

1. d4 Nf6 2. Bf4 e6 3. e3 c5 4. Nf3 Be7 5. h3 Qb6 6. Nc3 O-O 7. a3 d5 8. dxc5 Qxc5 9. Bd3 Nc6 10. O-O Bd7 11. e4 d4 12. Nb5 e5 13. Bh2 Rac8 14. c3 dxc3 15. b4 Qb6 16. Nxc3 Nxb4 17. axb4 Rxc3 18. Bxe5 Rxd3 19. Qxd3 Bb5 20. Qd4 Bxf1 21. Bxf6 Qxf6 22. Kxf1 Qxd4 23. Nxd4 Bf6 24. Rxa7 Bxd4 25. Rxb7 Ra8 26. Ke2 g6 27. f4 Ra2+ 28. Kd3 Bg1 29. e5 Rxg2 30. Rb8+ Kg7 31. Rb7 Rg3+ 32. Kc4 Rf3 33. e6 Rxf4+ 34. Kd5 Rf6 35. exf7 Rxf7 36. Rb8 Rf3 37. b5 Rxh3 38. Rb7+ Kh6 39. Rf7 Rc3 40. Kd6 Rb3 41. Kc6 g5 42. Rf1 Be3 43. Rf6+ Kh5 0-1

[Event "World Rapid Championship"]
[Site "St Petersburg RUS"]
[Date "2018.12.27"]
[Round "8.61"]
[White "Nodirbek Abdusattorov"]
[Black "Falko Bindrich"]
[Result "1/2-1/2"]
[EventDate "2018.12.26"]
[WhiteElo "2546"]
[BlackElo "2606"]
[PlyCount "140"]

1. e4 e5 2. Nf3 Nf6 3. Nc3 Nc6 4. d4 exd4 5. Nxd4 Bb4 6. Nxc6 bxc6 7. Bd3 O-O 8. O-O d5 9. exd5 cxd5 10. h3 c6 11. Qf3 Bd6 12. Bf4 Qc7 13. Bxd6 Qxd6 14. Rfe1 Rb8 15. b3 Bd7 16. Ne2 Rfe8 17. Ng3 Re5 18. Re3 Rxe3 19. Qxe3 c5 20. Re1 a5 21. Nf5 Bxf5 22. Bxf5 g6 23. Bd3 Kg7 24. Qd2 Qc7 25. Qc3 h5 26. Re5 Qd6 27. Re1 Qc7 28. a4 Rb4 29. Bb5 Rd4 30. Bd3 h4 31. Qd2 Rb4 32. Bb5 Qd6 33. Qg5 Rf4 34. Qe5 Qxe5 35. Rxe5 Re4 36. Rxe4 Nxe4 37. Bc6 Nc3 38. g3 g5 39. gxh4 gxh4 40. Kg2 Ne2 41. Bb7 Kf6 42. Kf3 Nd4+ 43. Kf4 Ke6 44. c4 dxc4 45. bxc4 Ne2+ 46. Ke3 Nc3 47. Bc6 Nd1+ 48. Ke2 Nb2 49. Bb5 Ke5 50. Ke3 Nd1+ 51. Ke2 Nc3+ 52. Kd3 Ne4 53. Ke3 Nd6 54. f4+ Ke6 55. Kf3 f5 56. Ke3 Ke7 57. Ke2 Kd8 58. Ke3 Kc7 59. Ke2 Ne4 60. Ke3 Kd6 61. Ke2 Nf6 62. Ba6 Kc7 63. Bb5 Nh5 64. Ke3 Ng7 65. Ba6 Ne6 66. Bb5 Nd4 67. Ba6 Nc2+ 68. Kd2 Nd4 69. Ke3 Kd6 70. Bb5 Nc2+ 1/2-1/2

[Event "World Rapid Championship"]
[Site "St Petersburg RUS"]
[Date "2018.12.27"]
[Round "10.43"]
[White "Konstantin Rufovich Sakaev"]
[Black "Nodirbek Abdusattorov"]
[Result "1-0"]
[EventDate "2018.12.26"]
[WhiteElo "2584"]
[BlackElo "2546"]
[PlyCount "163"]

1. d4 Nf6 2. c4 e6 3. Nf3 b6 4. a3 Ba6 5. Qc2 Bb7 6. Nc3 c5 7. e4 cxd4 8. Nxd4 Bc5 9. Nb3 Nc6 10. f3 O-O 11. Nxc5 bxc5 12. Be3 Nd4 13. Qd1 e5 14. b4 d6 15. Bd3 Nh5 16. O-O Nf4 17. Bxf4 exf4 18. Rb1 Bc6 19. b5 Bb7 20. Ne2 Qf6 21. Qd2 Nxe2+ 22. Bxe2 Rfe8 23. a4 Re6 24. a5 Rb8 25. Rfd1 h5 26. Rb3 h4 27. Rd3 Rd8 28. a6 Ba8 29. h3 Qg5 30. Bf1 Qf6 31. Qa5 Qe7 32. Rb3 Rb8 33. b6 axb6 34. Rxb6 Re8 35. Qd2 Qg5 36. Rxd6 Kh7 37. a7 Qe5 38. Rd8 R6e7 39. Rxe8 Rxe8 40. Qd7 Re7 41. Qd8 Rxa7 42. Qxh4+ Kg6 43. Qg4+ Kh7 44. Kh2 Bc6 45. Qh4+ Kg6 46. Qg4+ Kh7 47. Rd8 Ra8 48. Qh4+ Kg6 49. Qg4+ Kh7 50. Rxa8 Bxa8 51. Qc8 Qa1 52. Bd3 Qd4 53. Qf5+ Kg8 54. Qc8+ Kh7 55. Qxa8 Qxd3 56. Qd5 Qe3 57. Qxf7 Kh6 58. h4 Qc1 59. h5 Kh7 60. Qg6+ Kh8 61. Qe8+ Kh7 62. Qg6+ Kh8 63. h6 gxh6 64. Qxh6+ Kg8 65. Qg5+ Kf7 66. Qxc5 Ke6 67. Qd5+ Ke7 68. c5 Qc3 69. Qg5+ Ke8 70. Qh5+ Ke7 71. Qg5+ Ke8 72. Kh3 Qh8+ 73. Kg4 Qb2 74. Qg6+ Kd8 75. Qg8+ Ke7 76. Kh3 Qc1 77. Qg5+ Ke8 78. Qe5+ Kf7 79. Kg4 Qg1 80. Qxf4+ Kg8 81. Qg5+ Kf7 82. g3 1-0

[Event "World Rapid Championship"]
[Site "St Petersburg RUS"]
[Date "2018.12.26"]
[Round "1.84"]
[White "Ilia Iljiushenok"]
[Black "Nodirbek Abdusattorov"]
[Result "1/2-1/2"]
[EventDate "2018.12.26"]
[WhiteElo "2533"]
[BlackElo "2546"]
[PlyCount "144"]

1. e4 c5 2. Nc3 d6 3. d4 cxd4 4. Qxd4 Nf6 5. b3 g6 6. Bb2 Bg7 7. O-O-O O-O 8. f3 Nc6 9. Qd2 Bd7 10. g4 Qa5 11. Kb1 Rfc8 12. h4 h5 13. g5 Ne8 14. Nge2 Nc7 15. Nf4 e6 16. a3 Nd4 17. Qe3 Ndb5 18. Bxb5 Bxb5 19. Rh2 Be5 20. Rhd2 Be8 21. Nfe2 Nb5 22. Nxb5 Bxb5 23. Nd4 Be8 24. f4 Bg7 25. f5 e5 26. Ne2 Bf8 27. Nc3 Bc6 28. Nd5 Bxd5 29. Rxd5 Qc7 30. R1d2 Re8 31. Rf2 Be7 32. Qf3 Bf8 33. a4 Rac8 34. Rfd2 Be7 35. Ba3 Red8 36. Kb2 Rd7 37. Kb1 Rdd8 38. Qh3 Bf8 39. fxg6 fxg6 40. Qe6+ Kh7 41. Bxd6 Bxd6 42. Rxd6 Rxd6 43. Qxd6 Qg7 44. Qd7 Rc7 45. Qxg7+ Kxg7 46. Rd5 Kf7 47. Rxe5 Rc3 48. Rb5 b6 49. a5 Rh3 50. axb6 axb6 51. Rxb6 Rxh4 52. Rf6+ Kg7 53. Rf1 Rxe4 54. c4 Re5 55. Rc1 Kf7 56. Rg1 Re2 57. Rf1+ Ke7 58. Rf6 h4 59. Rf3 Rg2 60. Rh3 Rg3 61. Rxh4 Rxb3+ 62. Kc2 Rg3 63. Rd4 Rxg5 64. Kc3 Rg1 65. c5 g5 66. Kc4 g4 67. Kb3 g3 68. Kb2 g2 69. Rg4 Kd7 70. Rg6 Kc7 71. Ka2 Rc1 72. Rxg2 Rxc5 1/2-1/2

[Event "World Rapid Championship"]
[Site "St Petersburg RUS"]
[Date "2018.12.26"]
[Round "2.60"]
[White "Nodirbek Abdusattorov"]
[Black "Salgado Lopez, Ivan"]
[Result "0-1"]
[EventDate "2018.12.26"]
[WhiteElo "2546"]
[BlackElo "2629"]
[PlyCount "68"]

1. e4 c5 2. Nc3 Nc6 3. Bb5 Nd4 4. Bc4 a6 5. Nf3 b5 6. Bd5 Rb8 7. Nxd4 cxd4 8. Ne2 Nf6 9. Nxd4 Qb6 10. Nf3 Nxd5 11. exd5 Bb7 12. O-O Bxd5 13. Re1 e6 14. d4 Be7 15. Ne5 h5 16. c3 Qb7 17. f3 g5 18. Nd3 Rg8 19. Qe2 g4 20. f4 f5 21. a4 h4 22. axb5 axb5 23. Ne5 h3 24. g3 d6 25. Nd3 Bc4 26. Rd1 Kf7 27. Rb1 b4 28. b3 Bd5 29. Re1 bxc3 30. Ba3 Rgc8 31. Nb4 Be4 32. Nc2 Ra8 33. d5 exd5 34. Rbd1 Qxb3 0-1

[Event "World Rapid Championship"]
[Site "St Petersburg RUS"]
[Date "2018.12.26"]
[Round "3.85"]
[White "Dmitry Kryakvin"]
[Black "Nodirbek Abdusattorov"]
[Result "1-0"]
[EventDate "2018.12.26"]
[WhiteElo "2588"]
[BlackElo "2546"]
[PlyCount "80"]

1. d4 Nf6 2. c4 e6 3. Nf3 b6 4. g3 Bb7 5. Bg2 Be7 6. O-O O-O 7. Nc3 Ne4 8. Bd2 Bf6 9. Ne5 Nxc3 10. Bxc3 Bxg2 11. Kxg2 d6 12. Ng4 Nd7 13. e4 Be7 14. f4 f5 15. exf5 exf5 16. Ne3 g6 17. g4 fxg4 18. Qxg4 Rf7 19. Rae1 Bf8 20. f5 Nf6 21. Qf3 Bg7 22. fxg6 hxg6 23. Kh1 Qf8 24. Qg2 Re8 25. Qxg6 Ne4 26. Nf5 Rf6 27. Nh6+ Kh8 28. Rxf6 Nxf6 29. Rf1 Qe7 30. Rxf6 Qe2 31. Rf2 Qxf2 32. Qxe8+ Kh7 33. Qf7 Qe2 34. d5 Qe4+ 35. Kg1 Qe3+ 36. Kg2 Qe2+ 37. Kg3 Qe3+ 38. Qf3 Qxh6 39. Qf5+ Kg8 40. Qg4 1-0

[Event "World Rapid Championship"]
[Site "St Petersburg RUS"]
[Date "2018.12.26"]
[Round "4.91"]
[White "Nodirbek Abdusattorov"]
[Black "Andrei Belozerov"]
[Result "0-1"]
[EventDate "2018.12.26"]
[WhiteElo "2546"]
[BlackElo "2528"]
[PlyCount "72"]

1. e4 c6 2. d4 d5 3. exd5 cxd5 4. Nf3 Nc6 5. Ne5 e6 6. Bb5 Bd7 7. Nxd7 Qxd7 8. c3 Bd6 9. O-O Nf6 10. Bd3 h6 11. Nd2 Rb8 12. f4 Qc7 13. g3 b5 14. a3 a5 15. Nf3 b4 16. axb4 axb4 17. Qe2 O-O 18. Ne5 bxc3 19. bxc3 Ne7 20. Bd2 Rb2 21. Rfb1 Rxb1+ 22. Rxb1 Rb8 23. Re1 Rb2 24. Nf3 Qb7 25. h3 Nf5 26. Kg2 Nh5 27. Bxf5 exf5 28. Qe8+ Bf8 29. Qe5 Nf6 30. Qe3 Ne4 31. Qd3 Qb3 32. g4 Bd6 33. Kg1 Qa2 34. gxf5 Bxf4 35. f6 Bxd2 36. Re2 Qb1+ 0-1

[Event "World Rapid Championship"]
[Site "St Petersburg RUS"]
[Date "2018.12.26"]
[Round "5.97"]
[White "Vishnu Prasanna, V"]
[Black "Nodirbek Abdusattorov"]
[Result "0-1"]
[EventDate "2018.12.26"]
[WhiteElo "2518"]
[BlackElo "2546"]
[PlyCount "90"]

1. Nf3 Nf6 2. g3 b6 3. Bg2 Bb7 4. O-O e6 5. d3 d5 6. c4 Be7 7. cxd5 exd5 8. Nc3 O-O 9. Nd4 Re8 10. Nf5 Bf8 11. Bg5 h6 12. Bf4 Na6 13. Rc1 c6 14. e4 d4 15. Nb1 c5 16. g4 Nc7 17. Nxd4 Qxd4 18. Bxc7 Qd7 19. Bg3 Nxg4 20. Nc3 Rad8 21. d4 cxd4 22. Nd5 Bxd5 23. exd5 Nf6 24. Qxd4 Bc5 25. Qc4 Qf5 26. b4 Bd6 27. Rfe1 Rxe1+ 28. Rxe1 Qd7 29. a3 Re8 30. Rxe8+ Nxe8 31. f4 Nf6 32. Bf3 Qf5 33. Kg2 h5 34. Qe2 Nxd5 35. Qe8+ Bf8 36. Be4 Nxf4+ 37. Kf2 Qf6 38. Bxf4 Qxf4+ 39. Kg2 g6 40. Bc6 Qd2+ 41. Kg1 Qc1+ 42. Kg2 Qxa3 43. b5 Qb2+ 44. Kh3 Qc3+ 45. Kg2 Kg7 0-1

[Event "World Youth Open U18 2018"]
[Site "Porto Carras GRE"]
[Date "2018.10.30"]
[Round "11.6"]
[White "Mihajlo Radovanovic"]
[Black "Nodirbek Abdusattorov"]
[Result "1/2-1/2"]
[EventDate "?"]
[WhiteElo "2466"]
[BlackElo "2558"]
[PlyCount "62"]

1. Nf3 Nf6 2. g3 d5 3. Bg2 c6 4. O-O Bf5 5. d3 h6 6. Nbd2 e6 7. b3 Be7 8. Bb2 O-O 9. c4 Bh7 10. Qc2 a5 11. a3 Nbd7 12. Bc3 Qb6 13. Qb2 Rfc8 14. b4 axb4 15. axb4 Qd8 16. Ne5 Nb6 17. Qb3 Nfd7 18. Nxd7 Nxd7 19. Qb2 Bf8 20. Nb3 Qb6 21. Na5 Ra6 22. e4 Qc7 23. cxd5 cxd5 24. Rac1 dxe4 25. dxe4 Qb8 26. Rfd1 Rd6 27. Rxd6 Bxd6 28. Rd1 Be5 29. Bxe5 Nxe5 30. Nxb7 Qxb7 31. Qxe5 Qxb4 1/2-1/2

[Event "World Youth Open U18 2018"]
[Site "Porto Carras GRE"]
[Date "2018.10.29"]
[Round "10.8"]
[White "Nodirbek Abdusattorov"]
[Black "Ahmad Ahmadzada"]
[Result "1-0"]
[EventDate "?"]
[WhiteElo "2558"]
[BlackElo "2343"]
[PlyCount "90"]

1. e4 e6 2. d4 d5 3. Bd3 c5 4. exd5 Qxd5 5. Nc3 Qd8 6. Nf3 Nf6 7. O-O cxd4 8. Nxd4 Be7 9. Bf4 a6 10. Nf3 O-O 11. Qe2 Nbd7 12. Rad1 Qb6 13. b3 Qb4 14. Bd2 Qg4 15. h3 Qh5 16. Nd4 Qc5 17. Qe3 b5 18. a4 bxa4 19. Nxa4 Qc7 20. Rfe1 Nc5 21. Nf5 Nxd3 22. Nxe7+ Qxe7 23. Qxd3 Bb7 24. Qd4 Rfd8 25. Bb4 Qe8 26. Qb6 Be4 27. Rxd8 Rxd8 28. c4 Rb8 29. Qd6 Bc2 30. Nb6 Bxb3 31. Rc1 Rd8 32. Qg3 Rd1+ 33. Rxd1 Bxd1 34. Bc3 e5 35. Bxe5 Nh5 36. Qe3 Ba4 37. Nxa4 Qxa4 38. Qb6 h6 39. c5 Qd1+ 40. Kh2 Qd5 41. Qb8+ Kh7 42. Qd6 Qa2 43. c6 Qxf2 44. c7 Qf5 45. Qc5 1-0

[Event "World Youth Open U18 2018"]
[Site "Porto Carras GRE"]
[Date "2018.10.28"]
[Round "9.5"]
[White "Hristos Alexiadis"]
[Black "Nodirbek Abdusattorov"]
[Result "1-0"]
[EventDate "?"]
[WhiteElo "2263"]
[BlackElo "2558"]
[PlyCount "110"]

1. e4 c5 2. Nf3 d6 3. Bb5+ Nd7 4. d4 Nf6 5. O-O cxd4 6. Qxd4 a6 7. Bxd7+ Qxd7 8. Bg5 h6 9. Bxf6 gxf6 10. Kh1 Rg8 11. Qe3 b5 12. Nc3 Bb7 13. Nd5 Rc8 14. h3 Qd8 15. a4 b4 16. Rad1 Rc5 17. Rfe1 f5 18. c4 fxe4 19. Qxe4 Rg6 20. Nf6+ Rxf6 21. Qxb7 Qc8 22. Qxc8+ Rxc8 23. b3 e6 24. Kg1 Rf5 25. Nd4 Rfc5 26. Ne2 Kd7 27. Nf4 Rg5 28. Nd3 Be7 29. f4 Rg3 30. Ne5+ Ke8 31. Nf3 Rg6 32. Kf2 Rc5 33. g4 f5 34. g5 hxg5 35. fxg5 e5 36. h4 Rg8 37. Rd5 Rxd5 38. cxd5 Kf7 39. Rc1 Kg6 40. Rc7 Bd8 41. Rc6 e4 42. Rxd6+ Kh5 43. Rh6+ Kg4 44. Ne5+ Kh3 45. Ke3 Kg3 46. Rxa6 Kxh4 47. Kf4 Bxg5+ 48. Kxf5 e3 49. Nf3+ Kg3 50. Nxg5 Rf8+ 51. Kg6 Re8 52. Re6 Rxe6+ 53. dxe6 e2 54. Ne4+ Kf4 55. Nf2 1-0

[Event "World Youth Open U18 2018"]
[Site "Porto Carras GRE"]
[Date "2018.10.27"]
[Round "8.3"]
[White "Nodirbek Abdusattorov"]
[Black "Timur Fakhrutdinov"]
[Result "1/2-1/2"]
[EventDate "?"]
[WhiteElo "2558"]
[BlackElo "2472"]
[PlyCount "106"]

1. Nf3 Nf6 2. c4 e6 3. b3 d5 4. Bb2 Be7 5. e3 O-O 6. Nc3 dxc4 7. bxc4 c5 8. g3 b6 9. Bg2 Bb7 10. O-O Nc6 11. Qe2 Qc7 12. Rad1 a6 13. Ne1 Rfd8 14. f4 Ne8 15. f5 Bf6 16. fxe6 fxe6 17. Nd3 Ne5 18. Bxb7 Qxb7 19. Nf4 Qc6 20. d3 Nf7 21. Nh5 Be5 22. Qg4 Ra7 23. d4 cxd4 24. exd4 Qxc4 25. Ne4 Nh6 26. Qh4 Rxd4 27. Bxd4 Bxd4+ 28. Kh1 Qb5 29. a4 Qe2 30. Rde1 Qg4 31. Qd8 Qxh5 32. Qxd4 Ng4 33. Re2 Rf7 34. Rxf7 Qxf7 35. Kg2 Qb7 36. Kg1 Qc6 37. Qd8 h6 38. h3 Ne5 39. Nd2 Nf7 40. Qe7 e5 41. Ne4 Nf6 42. Nxf6+ gxf6 43. h4 Kg7 44. Rf2 h5 45. Kh2 Kg6 46. Rd2 Nh6 47. Qd7 Ng4+ 48. Kg1 Qc1+ 49. Kg2 Qe1 50. Qe8+ Kh6 51. Qh8+ Kg6 52. Qg8+ Kh6 53. Qh8+ 1/2-1/2

[Event "World Youth Open U18 2018"]
[Site "Porto Carras GRE"]
[Date "2018.10.26"]
[Round "7.2"]
[White "Viktor Gazik"]
[Black "Nodirbek Abdusattorov"]
[Result "1/2-1/2"]
[EventDate "?"]
[WhiteElo "2486"]
[BlackElo "2558"]
[PlyCount "102"]

1. e4 c5 2. Nc3 d6 3. f4 g6 4. Nf3 Bg7 5. g3 Nc6 6. Bg2 e5 7. d3 Nge7 8. O-O O-O 9. Be3 Nd4 10. Qd2 Bg4 11. Nh4 Be6 12. Rf2 exf4 13. Bxf4 Ndc6 14. Nf3 Ne5 15. h3 Qd7 16. Kh2 Nxf3+ 17. Rxf3 d5 18. Bh6 d4 19. Ne2 Nc6 20. Bxg7 Kxg7 21. Raf1 f6 22. b3 Qd6 23. a4 Ne5 24. R3f2 Rf7 25. Ng1 Raf8 26. Nf3 Nc6 27. Qf4 Qe7 28. Qd2 Bc8 29. Nh4 Qc7 30. Nf3 Re7 31. Qf4 Ne5 32. Nxe5 Qxe5 33. h4 Bd7 34. Bh3 Bc6 35. g4 h6 36. g5 hxg5 37. hxg5 Ref7 38. gxf6+ Qxf6 39. Qxf6+ Rxf6 40. Rxf6 Rxf6 41. Rxf6 Kxf6 42. a5 b6 43. axb6 axb6 44. Kg3 g5 45. Bg4 b5 46. Be2 Ke5 47. Kg4 Kf6 48. Kg3 Be8 49. Bf3 Ke5 50. Kg4 Kf6 51. Kg3 Ke5 1/2-1/2

[Event "World Youth Open U18 2018"]
[Site "Porto Carras GRE"]
[Date "2018.10.24"]
[Round "6.6"]
[White "Nodirbek Abdusattorov"]
[Black "Guha Mitrabha"]
[Result "1-0"]
[EventDate "?"]
[WhiteElo "2558"]
[BlackElo "2352"]
[PlyCount "80"]

1. d4 Nf6 2. c4 e6 3. Nc3 Bb4 4. e3 O-O 5. Bd3 d5 6. Ne2 c5 7. cxd5 exd5 8. a3 cxd4 9. axb4 dxc3 10. Nxc3 Bg4 11. f3 Bh5 12. O-O Bg6 13. Bxg6 hxg6 14. b5 Qb6 15. g4 Rd8 16. g5 d4 17. Na4 Qxb5 18. gxf6 Nc6 19. exd4 Rxd4 20. Nc3 Qe5 21. Qe2 Qxf6 22. Be3 Rdd8 23. Ra4 Re8 24. Re4 Rxe4 25. Nxe4 Qe5 26. Rd1 Re8 27. Bf2 Qe6 28. Re1 Ne5 29. Bg3 Nc4 30. b3 Nb6 31. Qb5 Rd8 32. Nd6 Qd7 33. Qxd7 Rxd7 34. Re8+ Kh7 35. Rb8 a5 36. Nxb7 a4 37. Nd6 Nd5 38. bxa4 Ra7 39. a5 f5 40. Nc4 1-0

[Event "World Youth Open U18 2018"]
[Site "Porto Carras GRE"]
[Date "2018.10.23"]
[Round "5.5"]
[White "Ayats Llobera, Gerard"]
[Black "Nodirbek Abdusattorov"]
[Result "1/2-1/2"]
[EventDate "?"]
[WhiteElo "2399"]
[BlackElo "2558"]
[PlyCount "142"]

1. e4 c5 2. Ne2 Nf6 3. Nbc3 d6 4. g3 Nc6 5. Bg2 g6 6. O-O Bg7 7. d3 O-O 8. h3 e5 9. Be3 Nd4 10. a4 Be6 11. f4 exf4 12. Nxf4 Qb6 13. Rb1 Rae8 14. Qd2 Nc6 15. g4 Qa5 16. Nb5 Qxd2 17. Bxd2 Rd8 18. e5 dxe5 19. Nxe6 fxe6 20. Bxc6 bxc6 21. Nc7 Rd6 22. Be3 Nd7 23. Rxf8+ Kxf8 24. Na6 e4 25. Nxc5 exd3 26. Nxd3 Bd4 27. Kf2 Ke7 28. Ke2 Bxe3 29. Kxe3 Nb6 30. c3 Nc4+ 31. Ke2 e5 32. b3 e4 33. bxc4 exd3+ 34. Kd2 Rd7 35. a5 Kd6 36. Kxd3 Kc5+ 37. Kc2 Rf7 38. a6 Rf2+ 39. Kd3 Rf3+ 40. Ke4 Rxh3 41. Rb7 Rxc3 42. Rxa7 Rxc4+ 43. Kd3 h6 44. Rh7 Rxg4 45. a7 Ra4 46. Rxh6 g5 47. Rg6 Rxa7 48. Rxg5+ Kb4 49. Kc2 c5 50. Rg4+ c4 51. Rg3 Rh7 52. Kb2 Rh6 53. Kc2 Rh2+ 54. Kc1 Re2 55. Rh3 Kc5 56. Rh5+ Kd4 57. Rh4+ Kc3 58. Rh3+ Kb4 59. Rg3 Re4 60. Kc2 Rh4 61. Kb2 Rd4 62. Kc2 Rd5 63. Rh3 Rg5 64. Kb2 Rg2+ 65. Kc1 Rf2 66. Rg3 Rh2 67. Rf3 Kc5 68. Rf5+ Kd4 69. Rf4+ Kd5 70. Rf3 Kc5 71. Rg3 1/2-1/2

[Event "World Youth Open U18 2018"]
[Site "Porto Carras GRE"]
[Date "2018.10.22"]
[Round "4.12"]
[White "Nodirbek Abdusattorov"]
[Black "Martinez Fernandez, Adrian"]
[Result "1-0"]
[EventDate "?"]
[WhiteElo "2558"]
[BlackElo "2277"]
[PlyCount "122"]

1. e4 c5 2. Nf3 d6 3. d4 cxd4 4. Nxd4 Nf6 5. Nc3 a6 6. Be3 e5 7. Nb3 Be6 8. f3 h5 9. Qd2 Nbd7 10. Nd5 Bxd5 11. exd5 g6 12. Be2 Bg7 13. O-O O-O 14. Na5 Qc7 15. c4 e4 16. f4 Ng4 17. Bxg4 hxg4 18. f5 gxf5 19. Rxf5 Ne5 20. Bd4 Qd7 21. Qg5 f6 22. Qh5 Rae8 23. Nb3 Qf7 24. Qxf7+ Kxf7 25. Rf4 Nxc4 26. Re1 f5 27. Rxf5+ Kg6 28. Rxf8 Bxf8 29. Rf1 e3 30. Rf6+ Kg5 31. Rf1 Kg6 32. Nc1 Bg7 33. Bxg7 Kxg7 34. Rf4 Ne5 35. Ne2 Rc8 36. Nc3 Rc4 37. Re4 Kg6 38. Rxe3 Rd4 39. Re4 Rd2 40. Re2 Rxe2 41. Nxe2 Nd3 42. b3 Kf5 43. h4 gxh3 44. gxh3 Ke5 45. Kg2 Kxd5 46. Kf3 Nb4 47. Kf4 Nxa2 48. Kf5 a5 49. h4 b5 50. h5 a4 51. b4 Kc4 52. h6 Nc3 53. Nxc3 Kxc3 54. h7 Kxb4 55. h8=Q a3 56. Ke4 Kb3 57. Kd3 b4 58. Qd4 a2 59. Kd2 Ka3 60. Kc1 b3 61. Qxd6+ 1-0